Catálogo

EL ACCESO AL SER (Registro nro. 55415)

Detalles MARC
000 -LEADER
fixed length control field 00822nam a2200205 a 4500
001 - CONTROL NUMBER
control field 55415
005 - DATE AND TIME OF LATEST TRANSACTION
control field 20180714050719.0
008 - FIXED-LENGTH DATA ELEMENTS--GENERAL INFORMATION
fixed length control field 140415s2004 sp 000 0 spa d
020 ## - INTERNATIONAL STANDARD BOOK NUMBER
International Standard Book Number 8431321717
041 ## - LANGUAGE CODE
Language code of text/sound track or separate title spa
082 ## - DEWEY DECIMAL CLASSIFICATION NUMBER
Classification number 111.1
Item number POL
100 1# - MAIN ENTRY--PERSONAL NAME
Personal name Polo, Leonardo,.
245 13 - TITLE STATEMENT
Title EL ACCESO AL SER
250 ## - EDITION STATEMENT
Edition statement 2a ed.
260 ## - PUBLICATION, DISTRIBUTION, ETC.
Place of publication, distribution, etc. ESPAÑA :
Name of publisher, distributor, etc. EUNSA,
Date of publication, distribution, etc. 2004
300 ## - PHYSICAL DESCRIPTION
Extent 157
Dimensions 17 x 1.6 x 24
490 ## - SERIES STATEMENT
Series statement ENSAYOS
520 ## - SUMMARY, ETC.
Summary, etc. ESTE LIBRO TRATA DEL METODO DE LA METAFISICA, ES DECIR DEL HABITO INNATO DE LOS PRIMERO PRINCIPIOS (VINCULADO AL INTELECTO AGENTE) QUE NOS PERMITE ACCEDER A LA REALIDADES PRINCIPALES, QUE SEGUN POLO, SON TRES: LA PERSISTENCIA O ACTO DE SER DEL UNIVERSO (PRINCIPIO DE NO CONTRADICCION),
650 14 - SUBJECT ADDED ENTRY--TOPICAL TERM
Topical term or geographic name entry element EXISTENCIALISMO
General subdivision METAFISICA
-- ONCOLOGIA
-- FILOSOFIA DE LA COGNICION
Existencias
Withdrawn status Lost status Source of classification or shelving scheme Damaged status Not for loan Collection code Home library Current library Shelving location Date acquired Source of acquisition Inventory number Total Checkouts Full call number Barcode Date last seen Price effective from Koha item type
    Dewey Decimal Classification     General Centro de Estudios en Ciencia y Religión Centro de Estudios en Ciencia y Religión Sala general 03/12/2013 Compra 151000000000000000078140   111.1 POL 83112 05/01/2026 20/11/2015 Libro